00441nam a2200133Ia 4500008004100000082001800041100001900059245004500078260003700123300000900160942001200169999001900181952010700200210430s9999 xx 000 0 und d a549.13 P426 M aDexter Perkins aMinerals In Thin SectioncDexter Perkins aIndia bDorling Kindersleyc2007 a163p cBK2ddc c562628d562628 001040708NFICaSCMEbSCMEcGENd0008-09-11l0o549.13 P426 MpSCME-1508r2021-04-30w2021-04-30yBK